000 01128caa a22002651ib4500
003 SA-RiAUC
005 20250715065406.0
008 250714s1977 su f f00010 ara c
040 _aSA-JeALM
_bara
_cSA-RiAUC
_erda
082 0 4 _a229
090 _a229
_b ش ا هـ
100 1 _aشاهين، عبد الصبور،
_d1929-2010
_eمؤلف.
245 1 0 _aدراسات قرآنية /
_cعبد الصبور شاهين
264 _aالمدينة المنورة :
_bنادي المدينة الأدبي
_c1978
300 _aمجلد ؛
_c24 سم.
336 _aنص
_btxt
_2rdacontent
_3عمل تحليلي
337 _aبدون وسيط
_bn
_2rdamedia
338 _aمجلد
_bnc
_2rdacarrier
580 _aفي : دراسات قرآنية. -المدينة المنورة : نادي المدينة المنورة الأدبي، 1977. -إصدارات نادي المدينة المنورة الأدبي ؛ 56. -مجلد 1.
630 2 7 _aالقرآن
_xعلوم
_2aucut
630 2 7 _aالقرآن
_xمباحث عامة
_2aucut
730 2 2 _aالقرآن
942 _2ddc
_cBOOK
_n0
949 _aSA-JeALM
_d250714
_umohamedma123
_n1
999 _c9938
_d9938